LEADER 02243nam 22004573a 450 001 996540349603316 005 20211214195603.0 024 8 $ahttps://doi.org/10.5771/9783748911999 035 $a(CKB)4100000011743205 035 $a(ScCtBLL)9a2682af-bb39-4866-b01d-226f14094acc 035 $a(oapen)https://directory.doabooks.org/handle/20.500.12854/45163 035 $a(EXLCZ)994100000011743205 100 $a20211214i20212021 uu 101 0 $ager 135 $auru|||||||||| 181 $ctxt$2rdacontent 182 $cc$2rdamedia 183 $acr$2rdacarrier 200 00$aDigitale Wissensorganisation : $eWissenszurechnung beim Einsatz autonomer Systeme /$fChristian Linke$hVolume 5 205 $a1 ed. 210 $cNomos Verlagsgesellschaft mbH & Co. KG 210 1$aBaden-Baden :$cNomos Verlagsgesellschaft mbH & Co. KG,$d2021. 215 $a1 online resource (365 p.) 225 1 $aRecht und Digitalisierung | Digitization and the Law 311 $a3-8487-7148-9 311 $a3-7489-1199-8 330 $a Die Arbeit untersucht die Wissenszurechnung beim Einsatz autonomer Systeme in Unternehmen. Sie analysiert die Herausforderungen fu?r die Wissenszurechnung im vertraglichen und außervertraglichen Bereich aufgrund der Digitalisierung und Ku?nstlichen Intelligenz, wenn Informationen zunehmend von Algorithmen anstelle von Menschen verarbeitet werden. Anhand eines umweltsensiblen rechtsdogmatischen Ansatzes entwickelt sie ein innovationsoffenes Konzept der Wissenszurechnung fu?r das 21. Jahrhundert. Dabei orientiert sich die praxisnahe Arbeit an den Einsatzbereichen autonomer Systeme im Unternehmen: der Informationsbeschaffung und Informationsauswertung, der Entscheidungsfindung sowie der Entscheidung und Entscheidungsumsetzung. 410 $aRecht und Digitalisierung | Digitization and the Law 606 $aLaw / Civil Law$2bisacsh 606 $aLaw 610 $aLiability. Autnomous Systems 610 $aDigitization 615 7$aLaw / Civil Law 615 0$aLaw 700 $aLinke$b Christian$0791215 801 0$bScCtBLL 801 1$bScCtBLL 906 $aBOOK 912 $a996540349603316 996 $aDigitale Wissensorganisation$91768439 997 $aUNISA